A layman's guide to applying the Bible. (Record no. 3361)

000 -LEADER
fixed length control field 00747nam a2200229 a 4500
001 - CONTROL NUMBER
control field :::00001091$&:&@@
003 - CONTROL NUMBER IDENTIFIER
control field OkBaRHE
005 - DATE AND TIME OF LATEST TRANSACTION
control field 20100331161048.0
008 - FIXED-LENGTH DATA ELEMENTS--GENERAL INFORMATION
fixed length control field s1985 j 000 0 eng u
020 ## - INTERNATIONAL STANDARD BOOK NUMBER
International Standard Book Number 0310376912 (pbk.)
040 ## - CATALOGING SOURCE
Transcribing agency
100 1# - MAIN ENTRY--PERSONAL NAME
Personal name Henrichsen, Walter A., and Jackson, Gayle.
245 12 - TITLE STATEMENT
Title A layman's guide to applying the Bible.
260 ## - PUBLICATION, DISTRIBUTION, ETC. (IMPRINT)
Place of publication, distribution, etc Grand Rapids, MI., :
Name of publisher, distributor, etc Zondervan Publishing House
Date of publication, distribution, etc 1985
300 ## - PHYSICAL DESCRIPTION
Extent 221 p. ;
Dimensions 21 cm.
650 ## - SUBJECT ADDED ENTRY--TOPICAL TERM
Topical term or geographic name as entry element Bible
General subdivision Use
650 ## - SUBJECT ADDED ENTRY--TOPICAL TERM
Topical term or geographic name as entry element Christian life
General subdivision 1960-
650 ## - SUBJECT ADDED ENTRY--TOPICAL TERM
Topical term or geographic name as entry element Word of God (Theology)
700 ## - ADDED ENTRY--PERSONAL NAME
Personal name Jackson, Gayle, Joint author.
942 ## - ADDED ENTRY ELEMENTS (KOHA)
Source of classification or shelving scheme
Koha item type Books
Copies
Price effective from Full call number Source of classification or shelving scheme Barcode Permanent Location Not for loan Copy number Koha item type Date last seen Shelving location Withdrawn status Lost status Damaged status Date acquired
2010-04-14BS 538.3 .H46 1985 1091RHEMA Bible Training College 1Books2010-04-14General Stacks   2010-04-14